[Event "Elit(Wasa-Manhem)"]
[Site "?"]
[Date "2009.10.18"]
[Round "3"]
[White "Astrom, Goran"]
[Black "Welin, Mats"]
[Result "1/2-1/2"]
[WhiteElo "2289"]
[BlackElo "2360"]
[PlyCount "89"]

1. e4 e5 2. Nf3 Nc6 3. Bb5 a6 4. Ba4 Nf6 5. O-O Be7 6. Re1 b5 7. Bb3 d6 8. c3
O-O 9. h3 Na5 10. Bc2 c5 11. d4 Nd7 12. Nbd2 exd4 13. cxd4 Nc6 14. d5 Nce5 15.
Nxe5 Nxe5 16. f4 Ng6 17. Nf3 Bh4 18. Nxh4 Qxh4 19. f5 Ne5 20. Rf1 Bd7 21. Bf4
Qe7 22. Qd2 b4 23. a4 bxa3 24. bxa3 Rfb8 25. Rfb1 Qe8 26. Rxb8 Rxb8 27. Rb1 Rb5
28. Bd3 Rxb1+ 29. Bxb1 Qb8 30. Bd3 f6 31. Bxe5 fxe5 32. Kh2 Bb5 33. Qb2 Qe8 34.
Bc2 Qd8 35. a4 Be2 36. Qb7 h6 37. a5 Kh7 38. Qb6 Qg5 39. Qxd6 Qf4+ 40. Kh1 Qf1+
41. Kh2 Qf4+ 42. Kh1 Qc1+ 43. Kh2 Qf4+ 44. Kh1 Qc1+ 45. Kh2 1/2-1/2

[Event "Elit(Wasa-Manhem)"]
[Site "?"]
[Date "2009.10.18"]
[Round "3"]
[White "Carlhammar, Magnus"]
[Black "Collett, Peter"]
[Result "1-0"]
[WhiteElo "2331"]
[BlackElo "2192"]
[PlyCount "81"]

1. Nf3 Nf6 2. g3 b5 3. a4 b4 4. Bg2 Bb7 5. O-O e6 6. d3 d5 7. Nbd2 Be7 8. e4
dxe4 9. Ne5 Nbd7 10. Nxd7 Qxd7 11. Re1 O-O 12. Nxe4 Nxe4 13. Bxe4 Bxe4 14. Rxe4
a5 15. b3 Bf6 16. Rb1 Qd5 17. Be3 Ra6 18. Rc4 Rc6 19. Qg4 Rd8 20. Rxc6 Qxc6 21.
Qc4 Qxc4 22. bxc4 Bc3 23. Kf1 Kf8 24. Ke2 Ke7 25. Bg5+ f6 26. Bf4 e5 27. Be3
Ke6 28. f4 Rd7 29. fxe5 Kxe5 30. Kf3 f5 31. Rd1 Bd4 32. Bd2 Kf6 33. h4 h6 34.
h5 Re7 35. Rf1 c5 36. g4 fxg4+ 37. Kxg4+ Ke6 38. Re1+ Kd7 39. Rxe7+ Kxe7 40.
Kf5 Kf7 41. Bf4 1-0

[Event "Elit(Wasa-Manhem)"]
[Site "?"]
[Date "2009.10.18"]
[Round "3"]
[White "Soderberg, Per"]
[Black "Kinnmark, Ove"]
[Result "1/2-1/2"]
[WhiteElo "2225"]
[BlackElo "2265"]
[PlyCount "56"]

1. e4 d5 2. exd5 Qxd5 3. Nc3 Qd6 4. d4 Nf6 5. Bc4 a6 6. Nf3 Bg4 7. Be3 e6 8. h3
Bxf3 9. Qxf3 c6 10. O-O-O Nd5 11. Bxd5 cxd5 12. Bf4 Qd8 13. Qg3 Nc6 14. Rhe1
Rc8 15. Kb1 g6 16. Be5 Rg8 17. Qf3 Be7 18. g4 Kf8 19. Qe3 Nxe5 20. Qxe5 Bd6 21.
Qe3 Bb4 22. Rd3 Qa5 23. Qh6+ Rg7 24. Ree3 Qc7 25. Rf3 b5 26. Qc1 Rg8 27. Qh6+
Rg7 28. Qc1 Rg8 1/2-1/2

[Event "Elit(Wasa-Manhem)"]
[Site "?"]
[Date "2009.10.18"]
[Round "3"]
[White "Moberg, Karl Johan"]
[Black "Berkell, Peder"]
[Result "1-0"]
[WhiteElo "2309"]
[BlackElo "2175"]
[PlyCount "89"]

1. d4 g6 2. c4 f5 3. Nc3 Nf6 4. e3 Bg7 5. Bd3 d6 6. Nge2 e5 7. f3 O-O 8. O-O
Nc6 9. a3 Nh5 10. d5 Ne7 11. Bd2 a6 12. Rc1 g5 13. b4 f4 14. Qc2 h6 15. Nd1 Kh8
16. exf4 Nxf4 17. Nxf4 gxf4 18. Nf2 Nf5 19. Bxf5 Bxf5 20. Ne4 Qe8 21. Qd3 Qg6
22. c5 Rf7 23. cxd6 cxd6 24. Rc2 Rg8 25. Be1 Bf6 26. Kh1 Bd8 27. Rg1 Bb6 28.
Bf2 Bxf2 29. Rxf2 Rc7 30. Rc2 Bxe4 31. fxe4 f3 32. g3 Rxc2 33. Qxc2 Qg4 34. Rf1
Rf8 35. Qd3 Rf4 36. Qd2 Rxe4 37. Qxh6+ Kg8 38. Qxd6 Re1 39. Qd8+ Kf7 40. Qc7+
Kg8 41. Qb8+ Kf7 42. Qxb7+ Kg8 43. Qb8+ Kf7 44. Qa7+ Kg8 45. Rxe1 1-0

[Event "Elit(Wasa-Manhem)"]
[Site "?"]
[Date "2009.10.18"]
[Round "3"]
[White "Nordstrom, Felix"]
[Black "Fendrich, David"]
[Result "1-0"]
[WhiteElo "2161"]
[BlackElo "2284"]
[PlyCount "99"]

1. d4 Nf6 2. c4 c5 3. dxc5 Qa5+ 4. Nc3 e6 5. Nf3 Ne4 6. Qc2 f5 7. Bd2 Nxd2 8.
Nxd2 Bxc5 9. Nb3 Qb6 10. Nxc5 Qxc5 11. e3 b6 12. Be2 Bb7 13. O-O O-O 14. Qd2
Rd8 15. Rac1 Na6 16. Rfd1 Nc7 17. b3 Rac8 18. Bf1 Qe7 19. Qe2 d6 20. g3 Ne8 21.
Bg2 Nf6 22. e4 fxe4 23. Nxe4 Nxe4 24. Bxe4 Bxe4 25. Qxe4 Rc5 26. Re1 Re5 27.
Qd4 Rxe1+ 28. Rxe1 Re8 29. h4 Rd8 30. Qe4 Re8 31. Qc6 Rd8 32. a4 Qe8 33. Qe4 e5
34. f4 Qg6 35. Qxg6 hxg6 36. fxe5 dxe5 37. Kf2 Re8 38. Rd1 Re7 39. Ke3 Kf7 40.
Ke4 Ke6 41. Rd5 Kf6 42. g4 a5 43. g5+ Kf7 44. Rxe5 Rd7 45. c5 bxc5 46. Rxc5 Rb7
47. Rb5 Ra7 48. Kd5 Ra6 49. Kc5 Re6 50. Rxa5 1-0

[Event "Elit(Team Viking-Kamraterna)"]
[Site "?"]
[Date "2009.10.18"]
[Round "3"]
[White "Svensson, Bengt"]
[Black "Ivanov, Sergej"]
[Result "0-1"]
[WhiteElo "2483"]
[BlackElo "2594"]
[PlyCount "104"]

1. e4 c5 2. Nf3 Nc6 3. d4 cxd4 4. Nxd4 e6 5. Nc3 Qc7 6. Be3 Nf6 7. Bd3 Nxd4 8.
Bxd4 Bc5 9. Bxc5 Qxc5 10. O-O O-O 11. Qd2 d6 12. Kh1 Bd7 13. f4 Rac8 14. Rae1
e5 15. Nd5 Nxd5 16. exd5 Bb5 17. fxe5 Bxd3 18. Qxd3 dxe5 19. Rxe5 Qxc2 20. Qb5
Qg6 21. Re2 b6 22. h3 h6 23. Rd1 Rfd8 24. Qa4 a5 25. Qf4 Rd6 26. Qe5 Rcd8 27.
Red2 Qf6 28. Qe4 g6 29. a3 h5 30. Kg1 Qg5 31. Rd3 Rc8 32. Rc3 Rcd8 33. Rcd3 Rf6
34. Rf3 Rxf3 35. Qxf3 Qe5 36. Qb3 Rd6 37. Kh1 Qe4 38. Rd3 Rf6 39. Rd1 Rf2 40.
Qg3 Qe2 41. Rg1 Qxb2 42. Qc7 Qd4 43. Qc6 Rd2 44. a4 Kg7 45. Qb5 Qc5 46. Qxc5
bxc5 47. Rb1 c4 48. Rb5 c3 49. Kh2 c2 50. Rc5 h4 51. Rc6 f5 52. Rc7+ Kf6 0-1

[Event "Elit(Team Viking-Kamraterna)"]
[Site "?"]
[Date "2009.10.18"]
[Round "3"]
[White "Agrest, Evgenij"]
[Black "Andreasson, Ingvar"]
[Result "0-1"]
[WhiteElo "2699"]
[BlackElo "2410"]
[PlyCount "88"]

1. Nf3 Nf6 2. c4 c6 3. Qc2 g6 4. b3 Bg7 5. Bb2 O-O 6. g3 d6 7. Bg2 e5 8. d3 Na6
9. a3 Nc5 10. b4 Ne6 11. O-O Nh5 12. e3 f5 13. Nbd2 g5 14. Nb3 g4 15. Nfd2 Bd7
16. f4 gxf3 17. Nxf3 f4 18. exf4 exf4 19. g4 Nf6 20. h3 h5 21. g5 Ng4 22. hxg4
hxg4 23. Bxg7 Nxg7 24. Nfd4 Qxg5 25. Qd2 Rf7 26. Rae1 Raf8 27. Re4 d5 28. cxd5
cxd5 29. Re2 Qh5 30. Bh1 f3 31. Rh2 Qe5 32. Bxf3 gxf3 33. Qh6 Qg3+ 34. Kh1 Qg2+
35. Rxg2 fxg2+ 36. Kxg2 Rxf1 37. Nd2 R8f2+ 38. Kg3 Rf6 39. Qh4 Nf5+ 40. Nxf5
R1xf5 41. Qg4+ Kf7 42. Qh4 Kg6 43. Qd4 Rg5+ 44. Kh2 Rf7 0-1

[Event "Elit(Team Viking-Kamraterna)"]
[Site "?"]
[Date "2009.10.18"]
[Round "3"]
[White "Hamark, Jesper"]
[Black "Sagit, Rauan"]
[Result "1/2-1/2"]
[WhiteElo "2386"]
[BlackElo "2444"]
[PlyCount "113"]

1. d4 Nf6 2. c4 e6 3. Nc3 Bb4 4. e3 O-O 5. Bd3 d5 6. Nge2 dxc4 7. Bxc4 e5 8.
O-O Nc6 9. d5 Ne7 10. a3 Bc5 11. b4 Bd6 12. e4 Ng6 13. f3 a5 14. Rb1 axb4 15.
axb4 Bd7 16. Be3 Qe7 17. Qb3 Nh5 18. Bb5 Bxb5 19. Nxb5 Nhf4 20. Nxf4 Nxf4 21.
g3 Ng6 22. Rbc1 Qd7 23. Qc4 f5 24. Nxd6 cxd6 25. Qc7 Rf7 26. Qxd7 Rxd7 27. b5
Ra3 28. Bb6 Kf7 29. Bc7 Rb3 30. b6 Ne7 31. Rb1 Re3 32. Rbe1 Rb3 33. Rb1 Re3 34.
Ra1 fxe4 35. fxe4+ Kg6 36. Rfe1 Rxe1+ 37. Rxe1 Ng8 38. Kg2 Nf6 39. Kf3 Ne8 40.
Rc1 Kf7 41. Rc4 Kg6 42. h3 Kf7 43. Kg4 Kg6 44. Kf3 Kf7 45. Ke3 Kf8 46. Ke2 Ke7
47. Ke3 Kf8 48. Rc1 Kg8 49. Ke2 g6 50. Rc4 Kg7 51. Ke3 g5 52. Rc1 Kg6 53. Rc4
h5 54. Ke2 g4 55. h4 Kf7 56. Rc1 Kg6 57. Rc4 1/2-1/2

[Event "Elit(Team Viking-Kamraterna)"]
[Site "?"]
[Date "2009.10.18"]
[Round "3"]
[White "Carlsson, Pontus"]
[Black "Aberg, Anton"]
[Result "0-1"]
[WhiteElo "2601"]
[BlackElo "2403"]
[PlyCount "64"]

1. e4 d6 2. d4 Nf6 3. Nc3 e5 4. Nf3 Nbd7 5. Bc4 Be7 6. O-O O-O 7. Re1 c6 8. a4
b6 9. d5 cxd5 10. Nxd5 Bb7 11. b3 Rc8 12. Re2 Nxd5 13. Bxd5 Bxd5 14. Qxd5 Nf6
15. Qd1 d5 16. exd5 e4 17. Ng5 Nxd5 18. Nxe4 Bf6 19. Rb1 Re8 20. Bd2 Be5 21. c4
Nf6 22. Nxf6+ Qxf6 23. Be3 h5 24. Qd7 Rcd8 25. Qxa7 h4 26. Qxb6 Qf5 27. Rbe1 h3
28. f4 Bc3 29. Qb5 Qd3 30. Kf2 Bxe1+ 31. Rxe1 hxg2 32. c5 Rxe3 0-1

[Event "Elit(Team Viking-Kamraterna)"]
[Site "?"]
[Date "2009.10.18"]
[Round "3"]
[White "Akbarinia, Arash"]
[Black "Volodin, Aleksandr"]
[Result "0-1"]
[WhiteElo "2342"]
[BlackElo "2429"]
[PlyCount "110"]
[SourceDate "2009.10.21"]

1. Nf3 d5 2. d4 Nf6 3. c4 c6 4. Qc2 dxc4 5. Qxc4 Bf5 6. Nc3 e6 7. g3 Nbd7 8.
Bg2 Be7 9. O-O O-O 10. e3 b5 11. Qe2 b4 12. Na4 Qa5 13. b3 Qb5 14. Re1 Qxe2 15.
Rxe2 Bd3 16. Re1 Bb5 17. Nb2 Rac8 18. Bf1 Ne4 19. Nc4 c5 20. a3 cxd4 21. Nxd4
Bxc4 22. Bxc4 Nb6 23. Bd3 Nc5 24. Bf1 Bf6 25. Rb1 a5 26. axb4 axb4 27. Bd2 Nd5
28. Bc4 Ne4 29. Rb2 Nec3 30. Re2 Bxd4 31. exd4 Nb5 32. Be3 Nb6 33. Rec2 Nd6 34.
Ba6 Rxc2 35. Rxc2 Nd5 36. Kg2 g6 37. Rc6 Nf5 38. Kf3 Rd8 39. g4 Nfe7 40. Rc5
Kg7 41. h3 h6 42. Bd2 Ra8 43. Bc4 Ra2 44. Be3 f5 45. Rb5 Rc2 46. Rb7 Kf6 47.
Bxh6 g5 48. Bf8 Rc3+ 49. Ke2 Nf4+ 50. Kd2 Ned5 51. Bxb4 Rxh3 52. Bd6 fxg4 53.
b4 Rf3 54. Ke1 Ng2+ 55. Ke2 Nc3+ 0-1

[Event "Elit(Team Viking-Kamraterna)"]
[Site "?"]
[Date "2009.10.18"]
[Round "3"]
[White "Cramling, Pia"]
[Black "Madebrink, Lars"]
[Result "1/2-1/2"]
[WhiteElo "2576"]
[BlackElo "2268"]
[PlyCount "84"]

1. d4 d5 2. c4 e6 3. Nf3 Nf6 4. Nc3 Be7 5. Bg5 O-O 6. e3 h6 7. Bxf6 Bxf6 8. Qb3
c6 9. Bd3 Nd7 10. Rd1 Qe7 11. O-O dxc4 12. Bxc4 Nb6 13. Ne4 Bd7 14. Bd3 Rab8
15. Nxf6+ Qxf6 16. Qa3 Qd8 17. Ne5 Qc7 18. Bb1 g6 19. e4 Be8 20. f4 f6 21. Ng4
h5 22. Ne3 Bf7 23. h3 Rbd8 24. e5 f5 25. g4 hxg4 26. hxg4 Nd5 27. gxf5 exf5 28.
Nxf5 gxf5 29. Qg3+ Kh8 30. Kf2 Bg8 31. Rh1+ Bh7 32. Rh5 Rf7 33. Rdh1 Rg8 34.
Rg5 Rgg7 35. Bxf5 Rxf5 36. Rxh7+ Kxh7 37. Qh3+ Kg8 38. Qxf5 Rxg5 39. Qxg5+ Qg7
40. Qd8+ Qf8 41. Qg5+ Qg7 42. Qd8+ Qf8 1/2-1/2

[Event "Elit(Team Viking-Kamraterna)"]
[Site "?"]
[Date "2009.10.18"]
[Round "3"]
[White "Svenn, Gosta"]
[Black "Lindberg, Bo"]
[Result "1/2-1/2"]
[WhiteElo "2376"]
[BlackElo "2419"]
[PlyCount "86"]

1. d4 Nf6 2. c4 e6 3. Nf3 b6 4. g3 Ba6 5. b3 Bb7 6. Bg2 Bb4+ 7. Bd2 a5 8. O-O
O-O 9. Nc3 d6 10. Qc2 Nbd7 11. Rfe1 Bxc3 12. Bxc3 Be4 13. Qb2 a4 14. Nd2 Bxg2
15. Kxg2 d5 16. Qc2 c5 17. dxc5 bxc5 18. cxd5 Nxd5 19. Nc4 axb3 20. axb3 Nxc3
21. Qxc3 Qf6 22. Qxf6 Nxf6 23. Rec1 Rab8 24. Nd2 Rb5 25. Ra7 Rd8 26. Rc7 Kf8
27. Rc2 Rd7 28. Rxd7 Nxd7 29. Ra2 Rb7 30. Kf3 Ke7 31. Ke3 Nf6 32. f3 Nd5+ 33.
Kf2 h5 34. Ra5 Rc7 35. Ne4 c4 36. bxc4 Rxc4 37. Ra7+ Rc7 38. Rxc7+ Nxc7 39. h4
g6 40. Ke3 e5 41. Kd3 Nd5 42. Ng5 f6 43. Ne4 Ke6 1/2-1/2

[Event "Elit(Team Viking-Kamraterna)"]
[Site "?"]
[Date "2009.10.18"]
[Round "3"]
[White "Bergstrom, Peter"]
[Black "Nyberg, Ulf"]
[Result "1-0"]
[WhiteElo "2339"]
[BlackElo "2141"]
[PlyCount "115"]

1. e4 c5 2. Nf3 e6 3. d4 cxd4 4. Nxd4 a6 5. Bd3 Nc6 6. Be3 Nf6 7. Nc3 d5 8.
exd5 exd5 9. O-O Bd6 10. h3 O-O 11. Nce2 Re8 12. c3 Ne4 13. Nxc6 bxc6 14. Bf4
Bxf4 15. Nxf4 Qg5 16. Qc1 Bf5 17. Re1 Nxf2 18. Rxe8+ Rxe8 19. Kxf2 Bxd3 20.
Nxd3 Qf5+ 21. Nf4 g5 22. Kg1 Qxf4 23. Qxf4 gxf4 24. Kf2 Kg7 25. b4 Re3 26. Rc1
Kf6 27. a4 Ke5 28. c4 Re4 29. cxd5 Kxd5 30. Rc5+ Kd6 31. Ra5 Rxb4 32. Rxa6 Rb3
33. Ra7 Ke6 34. a5 c5 35. Rc7 Kd5 36. a6 c4 37. a7 Ra3 38. Rxf7 Ke4 39. Re7+
Kd3 40. Kf3 Kd2+ 41. Kxf4 c3 42. Rd7+ Ke2 43. Rxh7 c2 44. Rc7 Kd2 45. g4 Rxa7
46. Rxc2+ Kxc2 47. g5 Ra1 48. g6 Kd3 49. h4 Kd4 50. Kf5 Ra5+ 51. Kf6 Ra6+ 52.
Kg5 Ke5 53. g7 Ra1 54. Kg6 Rg1+ 55. Kf7 Kf5 56. h5 Rxg7+ 57. Kxg7 Kg5 58. h6
1-0

[Event "Elit(Eksjo-Vasteras)"]
[Site "?"]
[Date "2009.10.18"]
[Round "3"]
[White "Eriksson, Anders"]
[Black "Cicak, Slavko"]
[Result "1/2-1/2"]
[WhiteElo "2402"]
[BlackElo "2596"]
[PlyCount "78"]
[SourceDate "2009.10.21"]

1. Nf3 g6 2. g3 Bg7 3. Bg2 c5 4. c4 Nc6 5. O-O b6 6. Nc3 Bb7 7. e3 Nf6 8. d4
Na5 9. b3 cxd4 10. Nxd4 Bxg2 11. Kxg2 O-O 12. Bb2 Qc7 13. Rc1 Qb7+ 14. Qf3
Qxf3+ 15. Kxf3 Rfc8 16. Nd5 Nxd5 17. cxd5 f5 18. Ba3 Bxd4 19. exd4 d6 20. Rfe1
Kf7 21. Bb4 Nb7 22. Bd2 Nd8 23. Bg5 Rxc1 24. Rxc1 Rb8 25. g4 fxg4+ 26. Kxg4 Ke8
27. Rc7 Rb7 28. Rc8 Kd7 29. Ra8 Rc7 30. h4 a5 31. h5 Nf7 32. hxg6 hxg6 33. Rb8
Nxg5 34. Kxg5 Rc2 35. Rxb6 Rxf2 36. Rb7+ Ke8 37. Kxg6 Rxa2 38. Rb8+ Kd7 39.
Rb7+ Ke8 1/2-1/2

[Event "Elit(Eksjo-Vasteras)"]
[Site "?"]
[Date "2009.10.18"]
[Round "3"]
[White "Schussler, Harry"]
[Black "Sjodahl, Pontus"]
[Result "1/2-1/2"]
[WhiteElo "2443"]
[BlackElo "2488"]
[PlyCount "71"]

1. d4 Nf6 2. c4 c5 3. d5 a6 4. Qc2 d6 5. e4 g6 6. Nf3 Bg7 7. Be2 O-O 8. O-O b5
9. cxb5 axb5 10. Bxb5 Ne8 11. Nc3 Nc7 12. Be2 Ba6 13. Bf4 Nd7 14. Rfe1 Qb8 15.
Bxa6 Nxa6 16. Qd2 Ra7 17. Bh6 Bxh6 18. Qxh6 f6 19. Re2 Rb7 20. Qd2 Nc7 21. h4
Nb5 22. Rc1 Kg7 23. Nxb5 Rxb5 24. Rc3 Rb4 25. Ne1 Ne5 26. Nd3 Rd4 27. Qc2 Nxd3
28. Rxd3 Qb4 29. a3 Qc4 30. Rxd4 Qxd4 31. Rd2 Qe5 32. Re2 Rb8 33. g3 Qd4 34.
Rd2 Qe5 35. Re2 Qd4 36. Rd2 1/2-1/2

[Event "Elit(Eksjo-Vasteras)"]
[Site "?"]
[Date "2009.10.18"]
[Round "3"]
[White "Akesson, Ralf"]
[Black "Vernersson, Per"]
[Result "1-0"]
[WhiteElo "2504"]
[BlackElo "2465"]
[PlyCount "173"]

1. d4 d5 2. c4 e6 3. Nc3 Be7 4. cxd5 exd5 5. Bf4 Nf6 6. e3 c6 7. Bd3 Nbd7 8. h3
Nf8 9. Nf3 Ng6 10. Bh2 Bd6 11. Ne5 Qe7 12. f4 Nd7 13. O-O O-O 14. e4 dxe4 15.
Nxe4 Bc7 16. Kh1 Rd8 17. Qc2 Ndxe5 18. dxe5 Nf8 19. Rae1 Ne6 20. Qc3 Nd4 21.
Nd6 Bxd6 22. exd6 Qxd6 23. f5 Qd5 24. Re5 Qd7 25. Rfe1 h6 26. Re7 Qd5 27. R1e5
Qd6 28. Re4 Qd5 29. Bc4 Nb5 30. Re8+ Kh7 31. Bxd5 Nxc3 32. Bxf7 Bxf5 33. bxc3
Bxe4 34. Rxe4 Rd1+ 35. Bg1 Rf8 36. Re7 b6 37. Kh2 c5 38. Rxa7 Rfd8 39. c4 R8d7
40. Rxd7 Rxd7 41. Bd5 Ra7 42. Bf2 Rxa2 43. Bg3 Ra7 44. Bb8 Ra4 45. Bd6 Kg6 46.
Kg3 Rb4 47. Kf4 Kf6 48. Ke4 Kg6 49. Ke5 Kh7 50. Be4+ Kh8 51. Bd3 Rb3 52. Ke4
Kg8 53. Be2 Rb2 54. Ke3 Kh8 55. Be5 Ra2 56. Bc3 Ra3 57. Kd2 Ra2+ 58. Kd3 Ra7
59. Bf3 Re7 60. Bd5 Kh7 61. Bd2 Rd7 62. Kc3 g6 63. Bf3 h5 64. Bg5 Kg7 65. Kb3
Rd4 66. Bc1 Kf7 67. Bb2 Rd2 68. Be5 Ke7 69. Bc7 Kd7 70. Bxb6 Kd6 71. Bd8 Rd3+
72. Ka4 Rc3 73. Bd5 Rc1 74. Bf6 Rb1 75. Bg7 Rb4+ 76. Ka5 Ke7 77. Be5 Rb1 78.
Bf4 Rf1 79. Be3 Kd6 80. Bh6 Ra1+ 81. Kb6 Rb1+ 82. Ka6 Ke7 83. Bg5+ Kd6 84. Bf4+
Ke7 85. h4 Rb4 86. g3 Rb3 87. Bc6 1-0

[Event "Elit(Eksjo-Vasteras)"]
[Site "?"]
[Date "2009.10.18"]
[Round "3"]
[White "Ornstein, Axel"]
[Black "Norberg, Johan"]
[Result "1/2-1/2"]
[WhiteElo "2432"]
[BlackElo "2333"]
[PlyCount "81"]

1. d4 d6 2. g3 g6 3. Bg2 Bg7 4. e4 Nf6 5. Nc3 O-O 6. Nf3 c5 7. dxc5 Qa5 8. O-O
Qxc5 9. h3 Nc6 10. Be3 Qb4 11. Nd5 Qxb2 12. Rb1 Qa3 13. Qd3 Qa5 14. Bd2 Qd8 15.
Nxf6+ Bxf6 16. h4 Ne5 17. Nxe5 dxe5 18. Qxd8 Rxd8 19. Be3 b6 20. c4 Ba6 21.
Rfc1 Rac8 22. Bf1 e6 23. c5 Bxf1 24. Kxf1 bxc5 25. Rxc5 Rxc5 26. Bxc5 Rd7 27.
Rb8+ Bd8 28. Ra8 f5 29. Ke2 Kf7 30. Rxa7 Rxa7 31. Bxa7 Ke8 32. Bb8 Bf6 33. Kd3
Kd7 34. a4 Kc6 35. Kc4 fxe4 36. Ba7 Bd8 37. Be3 Ba5 38. Bc5 Be1 39. Ba7 h5 40.
Be3 Ba5 41. Ba7 1/2-1/2

[Event "Elit(Eksjo-Vasteras)"]
[Site "?"]
[Date "2009.10.18"]
[Round "3"]
[White "Norberg, Erik"]
[Black "de Verdier, Michael"]
[Result "0-1"]
[WhiteElo "2263"]
[BlackElo "2325"]
[PlyCount "54"]

1. c4 Nf6 2. Nc3 e6 3. g3 d5 4. cxd5 exd5 5. d4 c6 6. Bg2 Bd6 7. Nf3 O-O 8. O-O
Re8 9. Qc2 Nbd7 10. Re1 Nf8 11. Bd2 Bg4 12. Rad1 Qd7 13. Nh4 Ng6 14. Nxg6 hxg6
15. f3 Bh3 16. e4 Bxg2 17. Kxg2 dxe4 18. fxe4 Bb4 19. Bg5 Bxc3 20. bxc3 Nxe4
21. Rxe4 Qd5 22. Rde1 Rxe4 23. Qxe4 Qxg5 24. Re2 Rd8 25. Rb2 Qc1 26. Rxb7 Qd2+
27. Kh3 Rd5 0-1

[Event "Elit(Eksjo-Vasteras)"]
[Site "?"]
[Date "2009.10.18"]
[Round "3"]
[White "Krantz, Christopher"]
[Black "Nilsson, Andre"]
[Result "1/2-1/2"]
[WhiteElo "2288"]
[BlackElo "2328"]
[PlyCount "103"]

1. c4 g6 2. Nc3 Bg7 3. g3 d6 4. Bg2 Nf6 5. d3 O-O 6. e3 Nc6 7. Nge2 e5 8. O-O
Be6 9. Nd5 Qd7 10. e4 Ne8 11. Be3 Nd8 12. Qd2 c6 13. Ndc3 Bh3 14. d4 Bxg2 15.
Kxg2 Qe7 16. Rad1 f6 17. f3 Nc7 18. b4 Nf7 19. d5 Rfd8 20. dxc6 bxc6 21. b5
cxb5 22. cxb5 d5 23. Nxd5 Nxd5 24. exd5 Qb7 25. a4 Rd7 26. Nc3 Rad8 27. a5 Nd6
28. Qd3 f5 29. b6 axb6 30. axb6 e4 31. fxe4 Bxc3 32. Qxc3 Nxe4 33. Qc6 Rb8 34.
Qxb7 Rbxb7 35. Rd3 Nd6 36. Rc1 Kf7 37. Rc6 Ne8 38. Kf3 Nf6 39. d6 Ke6 40. Bc5
Ne4 41. Bb4 Rb8 42. Ke3 h5 43. Kd4 g5 44. Kc4 f4 45. gxf4 gxf4 46. Rd4 Kf5 47.
Rc7 Nf6 48. Bd2 Rxb6 49. Rxf4+ Ke5 50. Rxf6 Rbxd6 51. Rxd6 Rxc7+ 52. Kb5
1/2-1/2

[Event "Elit(Eksjo-Vasteras)"]
[Site "?"]
[Date "2009.10.18"]
[Round "3"]
[White "Sandberg, Richard"]
[Black "Thornert, Hakan"]
[Result "0-1"]
[WhiteElo "2265"]
[BlackElo "2208"]
[PlyCount "108"]

1. e4 c5 2. Nf3 d6 3. d4 cxd4 4. Nxd4 Nf6 5. Nc3 g6 6. Be3 Bg7 7. f3 Nc6 8. Qd2
O-O 9. Bc4 Bd7 10. O-O-O Qa5 11. h4 Rfc8 12. Bb3 Ne5 13. h5 Rxc3 14. bxc3 Nxh5
15. Bh6 Bxh6 16. Qxh6 Nf6 17. g4 Qxc3 18. Kb1 Rc8 19. Ne2 Qxf3 20. Nd4 Qxe4 21.
Nf5 Bxf5 22. gxf5 Neg4 23. Qd2 Qxf5 24. Rdf1 Qc5 25. Rh4 h5 26. Qg2 d5 27. Qf3
b5 28. Qf4 a5 29. a4 bxa4 30. Bxa4 Qb4+ 31. Qxb4 axb4 32. Rh3 Ne4 33. Kb2 e6
34. Bb5 Rc3 35. Rd3 Nd6 36. Ba6 Nc4+ 37. Bxc4 Rxc4 38. Ra1 g5 39. Kc1 h4 40.
Kd2 Kg7 41. Rc1 Kg6 42. Ke2 f5 43. Kf1 f4 44. Kg2 Ne3+ 45. Kh3 Kf5 46. Rg1 g4+
47. Kh2 Rxc2+ 48. Kh1 g3 49. Rg2 Nxg2 50. Rd1 h3 51. Rf1 Nh4 52. Rd1 Rh2+ 53.
Kg1 Nf3+ 54. Kf1 Rf2# 0-1

[Event "Elit(Eksjo-Vasteras)"]
[Site "?"]
[Date "2009.10.18"]
[Round "3"]
[White "Gustafsson, Fredrik"]
[Black "Janse, Rasmus"]
[Result "0-1"]
[WhiteElo "2148"]
[BlackElo "2256"]
[PlyCount "80"]

1. e4 e6 2. d4 d5 3. Nc3 Bb4 4. e5 c5 5. a3 Bxc3+ 6. bxc3 Ne7 7. Qg4 O-O 8. Bd3
Nbc6 9. Nf3 f5 10. exf6 Rxf6 11. Bg5 e5 12. Bxh7+ Kxh7 13. Qh5+ Kg8 14. Bxf6
gxf6 15. dxe5 Qf8 16. O-O Bf5 17. Rfe1 Qg7 18. exf6 Qxf6 19. Re2 Qg6 20. Qh4
Bg4 21. Qg3 Nf5 22. Qf4 Rf8 23. Ne5 Nxe5 24. Rxe5 Bh3 25. Qf3 Nd4 26. Qxd5+ Be6
27. Rg5 Bxd5 28. Rxg6+ Kf7 29. Rg5 Ne2+ 30. Kh1 Nxc3 31. Re1 Kf6 32. Ree5 Be6
33. f4 Rd8 34. h3 Nd5 35. g3 Ne7 36. Rh5 Ng6 37. Rxc5 Rd2 38. Rhe5 Nxe5 39.
fxe5+ Kf5 40. g4+ Kf4 0-1

[Event "Elit(Upsala-Limhamn)"]
[Site "?"]
[Date "2009.10.18"]
[Round "3"]
[White "Brynell, Stellan"]
[Black "Glimbrant, Torbjorn"]
[Result "1-0"]
[WhiteElo "2565"]
[BlackElo "2344"]
[PlyCount "81"]

1. d4 Nf6 2. c4 g6 3. g3 c6 4. Bg2 d5 5. cxd5 cxd5 6. Nf3 Bg7 7. O-O O-O 8. Nc3
e6 9. Bf4 Nc6 10. Rc1 Ne8 11. Ne5 Nxe5 12. Bxe5 Bd7 13. e4 dxe4 14. Bxe4 Qb6
15. Bxg7 Nxg7 16. Qf3 f5 17. Bc2 Bc6 18. d5 exd5 19. Bb3 Kh8 20. Nxd5 Bxd5 21.
Bxd5 f4 22. g4 Rad8 23. Rfe1 Rd7 24. b3 Rfd8 25. Bc4 Qf6 26. Re4 g5 27. Rce1 b6
28. a4 a5 29. Kg2 Rf8 30. Re5 Rfd8 31. Bb5 Rc7 32. Bc4 Rcd7 33. R1e4 Rc7 34. h4
gxh4 35. Rxf4 h3+ 36. Kxh3 Qd6 37. Rf6 Qa3 38. Kg2 Rcc8 39. Qe3 Qa1 40. Qf4 Rb8
41. Re7 1-0

[Event "Elit(Upsala-Limhamn)"]
[Site "?"]
[Date "2009.10.18"]
[Round "3"]
[White "Johansson, Jan"]
[Black "Jepson, Christian"]
[Result "1/2-1/2"]
[WhiteElo "2436"]
[BlackElo "2445"]
[PlyCount "119"]

1. d4 d5 2. Nf3 Nf6 3. c4 e6 4. Nc3 Be7 5. Bg5 O-O 6. e3 h6 7. Bxf6 Bxf6 8. Qd2
Nc6 9. Rc1 a6 10. h3 Re8 11. Be2 dxc4 12. Bxc4 e5 13. d5 Na7 14. Ne4 Nb5 15.
Bd3 Bf5 16. Nxf6+ Qxf6 17. Bxf5 Qxf5 18. a4 Nd6 19. Rxc7 e4 20. Nd4 Qxd5 21.
Qc2 Rac8 22. O-O b5 23. b3 Rxc7 24. Qxc7 Nf5 25. Nxf5 Qxf5 26. Rc1 Qe6 27. axb5
axb5 28. b4 Qd5 29. Rc5 Qd1+ 30. Kh2 Re6 31. Rf5 Qd6+ 32. Qxd6 Rxd6 33. Rxb5
Rd2 34. Re5 Rxf2 35. Rxe4 Kf8 36. Kg3 Rf5 37. Rf4 Rb5 38. Kf3 Ke7 39. Rd4 f5
40. Ke2 Ke6 41. Kd3 Rb8 42. Rc4 Kd6 43. Rd4+ Kc6 44. g4 Rf8 45. Rf4 Rd8+ 46.
Kc4 fxg4 47. Rxg4 g5 48. Re4 Rd6 49. Re7 Rg6 50. Rh7 g4 51. hxg4 Rxg4+ 52. Kc3
Rh4 53. Rf7 h5 54. Rf6+ Kc7 55. b5 Re4 56. Kd3 Rb4 57. Rf5 h4 58. Rh5 h3 59.
Kc3 Rb1 60. Rxh3 1/2-1/2

[Event "Elit(Upsala-Limhamn)"]
[Site "?"]
[Date "2009.10.18"]
[Round "3"]
[White "Ahlander, Bjorn"]
[Black "Burwick, Malte"]
[Result "1-0"]
[WhiteElo "2533"]
[BlackElo "2280"]
[PlyCount "103"]

1. d4 g6 2. c4 Bg7 3. Nc3 d6 4. e4 Nf6 5. Bg5 h6 6. Be3 O-O 7. f3 e5 8. d5 c6
9. Bd3 a6 10. Nge2 cxd5 11. cxd5 Nbd7 12. O-O Nh7 13. b4 h5 14. Rc1 Bf6 15. Rc2
Bg5 16. Bf2 h4 17. g4 Qf6 18. Nc1 Qg7 19. Nb3 Qh6 20. Qe1 h3 21. a4 Kh8 22. a5
f5 23. exf5 gxf5 24. Bxf5 Rxf5 25. gxf5 Ndf6 26. Nd2 Bxf5 27. Nde4 Qg6 28. Bg3
Nh5 29. Kh1 Nf4 30. Bxf4 Bxf4 31. Rg1 Qh5 32. Rf2 Qh6 33. Ng3 Bd7 34. Nce4 Rf8
35. Rc2 Be3 36. Rf1 Bb5 37. Rc7 b6 38. Qd1 bxa5 39. bxa5 Ng5 40. Nxg5 Bxg5 41.
Rf2 Bd8 42. Rc8 Bxa5 43. Rxf8+ Qxf8 44. f4 Qf7 45. Ne4 Bb6 46. Rf3 Bd7 47. Nxd6
Qh5 48. fxe5 Bg4 49. Rf8+ Kg7 50. Rf7+ Kg8 51. Qd3 Bc5 52. Rf4 1-0

[Event "Elit(Upsala-Limhamn)"]
[Site "?"]
[Date "2009.10.18"]
[Round "3"]
[White "Lundvik, Jonas"]
[Black "Holst, Conny"]
[Result "1/2-1/2"]
[WhiteElo "2351"]
[BlackElo "2275"]
[PlyCount "83"]

1. d4 Nf6 2. Nf3 g6 3. Bg5 Bg7 4. Nbd2 d5 5. e3 O-O 6. Bd3 c5 7. c3 b6 8. O-O
Bb7 9. Bh4 Nc6 10. Ne5 Nxe5 11. dxe5 Nd7 12. f4 Re8 13. Qg4 f5 14. Qh3 Qc8 15.
Nf3 Nf8 16. Rad1 Qc6 17. Rd2 a5 18. c4 e6 19. Rfd1 b5 20. cxb5 Qb6 21. Be2 a4
22. Bg5 Bc8 23. Qh4 Bd7 24. g4 fxg4 25. Qxg4 Bxb5 26. Bxb5 Qxb5 27. h4 Qc4 28.
h5 gxh5 29. Qxh5 Qe4 30. Kf2 Reb8 31. Rg1 Ra7 32. Bf6 d4 33. exd4 cxd4 34.
Rxg7+ Rxg7 35. Bxg7 Kxg7 36. Rxd4 Rxb2+ 37. Kg3 Qe2 38. Qg5+ Kh8 39. Qf6+ Kg8
40. Qg5+ Kh8 41. Qf6+ Kg8 42. Qg5+ 1/2-1/2

[Event "Elit(Upsala-Limhamn)"]
[Site "?"]
[Date "2009.10.18"]
[Round "3"]
[White "Schneider, Stefan"]
[Black "Marttala, Thomas"]
[Result "1/2-1/2"]
[WhiteElo "2439"]
[BlackElo "2265"]
[PlyCount "21"]

1. d4 e6 2. c4 Bb4+ 3. Nd2 d5 4. Qa4+ Nc6 5. e3 Bd7 6. cxd5 exd5 7. Qc2 Nf6 8.
Bd3 Bd6 9. a3 O-O 10. Ne2 Re8 11. O-O 1/2-1/2